| 000 | 01807cam a2200409 i 4500 | ||
|---|---|---|---|
| 001 | 16102142 | ||
| 003 | EG-ScBUE | ||
| 005 | 20230116122345.0 | ||
| 008 | 100223s2010 enka f 000 0deng d | ||
| 020 | _a9780500515433 (hardcover) | ||
| 020 | _a0500515433 (hardcover) | ||
| 035 | _a(OCoLC)ocn601098665 | ||
| 040 |
_aUKM _beng _erda _cUKM _dBTCTA _dYDXCP _dUKWOH _dOCO _dCDX _dCPL _dLPU _dOSU _dUBY _dDLC _dEG-ScBUE |
||
| 041 | 1 |
_aeng _hfre |
|
| 082 |
_222 _a747.73 _bBEA |
||
| 100 | 1 |
_aBeaufre, Roland, _eauthor. _928970 |
|
| 240 | 1 | 0 |
_aBibliothèques. _lEnglish |
| 245 | 1 | 0 |
_aLiving with books / _cRoland Beaufre, Dominique Dupuich. |
| 264 | 1 |
_aLondon ; _aNew York : _bThames & Hudson, _c2010. |
|
| 300 |
_a191 pages : _bcolor illustrations ; _c26 cm |
||
| 336 |
_2rdacontent _atext _btxt |
||
| 337 |
_2rdamedia _aunmediated _bn |
||
| 338 |
_2rdacarrier _avolume _bnc |
||
| 520 | 8 | _aTakes us on a tour around the home libraries of some of the top names in the worlds of art, design and fashion. Lavish, specially taken photographs of each library, accompanied by descriptive commentary, provide an excellent reference for anyone seeking design ideas. | |
| 546 | _aText in English ; translated from the original French. | ||
| 650 | 7 |
_aBookcases _vPictorial works. _2BUEsh _928972 |
|
| 650 | 7 |
_aShelving for books _vPictorial works. _2BUEsh _928973 |
|
| 650 | 7 |
_aBooks and reading. _2BUEsh _928974 |
|
| 650 | 7 |
_aBooks _vPictorial works. _2BUEsh _928975 |
|
| 650 | 7 |
_aPrivate libraries _vPictorial works. _2BUEsh _928976 |
|
| 650 | 7 |
_928971 _aBooks in interior decoration _vPictorial works. _2BUEsh |
|
| 653 |
_cFebruary2012 _bART |
||
| 655 | _vReading book | ||
| 700 | 1 |
_aDupuich, Dominique, _eauthor. _928977 |
|
| 942 |
_2ddc _cBB |
||
| 999 |
_c16480 _d16480 |
||